[Event "Coupe 2000 - Finale"]
[Site "Aurec"]
[Date "2002.06.16"]
[Round "5"]
[White "Denisart, Anthony"]
[Black "Scandella, Thierry"]
[Result "0-1"]
[WhiteElo "2099"]
[BlackElo "2100"]
[PlyCount "84"]

1. d4 Nf6 2. Nf3 b6 3. e3 Bb7 4. Bd3 e6 5. c3 c5 6. Nbd2 Be7 7. O-O O-O 8. a3
d5 9. Re1 Ne4 10. Ne5 f6 11. Nef3 Nd7 12. Bb5 Nd6 13. Bd3 Ne4 14. Bb5 a6 15.
Bxd7 Qxd7 16. Nxe4 dxe4 17. Nd2 b5 18. f3 exf3 19. Nxf3 Qc7 20. e4 Rfd8 21. b4
cxd4 22. cxd4 a5 23. bxa5 Rxa5 24. Bb2 Rda8 25. Rc1 Qb6 26. Kh1 Bxa3 27. Bxa3
Rxa3 28. d5 Rd8 29. Qe2 exd5 30. exd5 Bxd5 31. Qe7 Qd6 32. Rc7 Qxe7 33. Rexe7
Ra1+ 34. Ng1 g5 35. h3 b4 36. Kh2 Ra2 37. Ne2 b3 38. Rcd7 Rxd7 39. Rxd7 Be4 40.
Nc3 Rxg2+ 41. Kh1 Rc2+ 42. Kg1 Rxc3 0-1

[Event "Coupe 2000 - Finale"]
[Site "Aurec"]
[Date "2002.06.16"]
[Round "5"]
[White "Kousnetsoff, Dimitri"]
[Black "Soyez, Cyril"]
[Result "0-1"]
[WhiteElo "2070"]
[BlackElo "2070"]
[PlyCount "59"]

1. c4 c5 2. Nc3 Nc6 3. g3 g6 4. Bg2 Bg7 5. e3 e6 6. Nge2 Nge7 7. d4 cxd4 8.
exd4 d5 9. cxd5 Nxd5 10. O-O O-O 11. a3 Nde7 12. d5 exd5 13. Nxd5 Nxd5 14. Qxd5
Be6 15. Qb5 Qe7 16. Bg5 f6 17. Be3 a6 18. Qb6 Bc4 19. Rfe1 Rfd8 20. Nf4 Bf8 21.
Rac1 Ne5 22. Bc5 Qxc5 23. Qxc5 Bxc5 24. b3 Bxa3 25. Rxc4 Nxc4 26. bxc4 Re8 27.
Rb1 Rab8 28. Nd5 Kg7 29. Rb6 Bc5 30. Rxf6 0-1

[Event "Coupe 2000 - Finale"]
[Site "Aurec"]
[Date "2002.06.16"]
[Round "5"]
[White "Feller, Sebastien"]
[Black "Nowocien, Anthony"]
[Result "0-1"]
[WhiteElo "2080"]
[BlackElo "1870"]
[PlyCount "57"]

1. e4 d6 2. Nc3 Nf6 3. f4 g6 4. Nf3 Bg7 5. Bc4 O-O 6. d3 c5 7. O-O Nc6 8. Qe1
Na5 9. Qh4 Nxc4 10. dxc4 e6 11. f5 exf5 12. Bg5 h6 13. Bxh6 Nxe4 14. Ng5 Nxg5
15. Bxg5 Bd4+ 16. Kh1 f6 17. Bh6 g5 18. Qh5 Qe8 19. Qf3 Rf7 20. Rae1 Be5 21.
Nd5 Be6 22. Qh5 Rh7 23. Qxe8+ Rxe8 24. Rxe5 dxe5 25. Nxf6+ Kf7 26. Nxh7 Kg6 27.
Nxg5 Bxc4 28. Re1 Kxh6 29. Nf3 0-1

[Event "Coupe 2000 - Finale"]
[Site "Aurec"]
[Date "2002.06.16"]
[Round "5"]
[White "Pantioukhine, Slava"]
[Black "Iglesias, Joachim"]
[Result "1-0"]
[WhiteElo "1810"]
[BlackElo "1970"]
[PlyCount "105"]

1. c4 e6 2. Nc3 Nf6 3. d4 d5 4. e3 c5 5. cxd5 Nxd5 6. Bb5+ Bd7 7. Bxd7+ Qxd7 8.
Nf3 cxd4 9. Nxd5 Qxd5 10. Qxd4 Qxd4 11. Nxd4 Bc5 12. Nb3 Bb6 13. Bd2 a5 14. Rc1
O-O 15. Ke2 Nc6 16. Nc5 Bxc5 17. Rxc5 Rfd8 18. Rd1 Kf8 19. Rb5 Ra7 20. Bc3 Rxd1
21. Kxd1 f6 22. Ke2 Ke7 23. h4 Kd6 24. g4 Kc7 25. g5 e5 26. gxf6 gxf6 27. f4
Ra8 28. fxe5 fxe5 29. Bxe5+ Nxe5 30. Rxe5 Rg8 31. Kf3 Rf8+ 32. Kg3 Rg8+ 33. Rg5
Rd8 34. Rxa5 Rd2 35. Rb5 Rd1 36. a4 Rg1+ 37. Kf4 Rh1 38. Rh5 Rb1 39. Rxh7+ Kb6
40. Re7 Rxb2 41. h5 Rh2 42. Kg5 Rg2+ 43. Kf6 Rf2+ 44. Kg7 Rg2+ 45. Kh7 Rg4 46.
h6 Rxa4 47. Kg8 Rg4+ 48. Rg7 Re4 49. Rg3 Rc4 50. h7 Rc8+ 51. Kg7 Rc7+ 52. Kh6
Rc1 53. h8=Q 1-0

[Event "Coupe 2000 - Finale"]
[Site "Aurec"]
[Date "2002.06.16"]
[Round "5"]
[White "Perrichon, Jim"]
[Black "Valjan, Berislav"]
[Result "0-1"]
[WhiteElo "2140"]
[BlackElo "1730"]
[PlyCount "48"]

1. d4 d5 2. Nf3 Nf6 3. e3 Bg4 4. c4 e6 5. Qb3 b6 6. Ne5 Bd6 7. cxd5 exd5 8.
Bb5+ Bd7 9. Nxd7 Nbxd7 10. Bc6 O-O 11. Bxa8 Qxa8 12. Nc3 c5 13. O-O c4 14. Qc2
Qb8 15. h3 a6 16. e4 dxe4 17. Nxe4 b5 18. Nxd6 Qxd6 19. Be3 Nd5 20. a3 Rc8 21.
Bd2 N7b6 22. Rfe1 Nf6 23. Rad1 Nbd5 24. a4 b4 0-1

[Event "Coupe 2000 - Finale"]
[Site "Aurec"]
[Date "2002.06.16"]
[Round "5"]
[White "Chabas, Jean-Luc"]
[Black "Miannay, Michel"]
[Result "1-0"]
[WhiteElo "1710"]
[BlackElo "1790"]
[PlyCount "27"]

1. e4 c5 2. Nf3 Nc6 3. d4 cxd4 4. Nxd4 d6 5. Be3 e5 6. Nb5 a6 7. N5a3 b5 8. c4
b4 9. Nc2 Bb7 10. b3 Be7 11. Be2 Nf6 12. f3 O-O 13. O-O a5 14. Bf2 1-0

[Event "Coupe 2000 - Finale"]
[Site "Aurec"]
[Date "2002.06.16"]
[Round "5"]
[White "Fozzani, Emmanuel"]
[Black "Valet, Godeffroy"]
[Result "1-0"]
[WhiteElo "1870"]
[BlackElo "1630"]
[PlyCount "51"]

1. e4 e6 2. d4 d5 3. e5 c5 4. c3 Nc6 5. Nf3 Qb6 6. a3 a5 7. Bd3 Bd7 8. Bc2 cxd4
9. cxd4 Nh6 10. Nc3 g6 11. O-O Nf5 12. Ne2 Nfe7 13. Rb1 Bg7 14. Bg5 O-O 15. Bf6
Na7 16. Bxe7 Rfc8 17. Bf6 Bf8 18. Nf4 Bb5 19. Re1 Rc4 20. Bd3 Rc7 21. Bxb5 Nxb5
22. Qd3 h6 23. Rbd1 Rc4 24. Nxg6 fxg6 25. Qxg6+ Bg7 26. Qxg7# 1-0

[Event "Coupe 2000 - Finale"]
[Site "Aurec"]
[Date "2002.06.16"]
[Round "5"]
[White "Mialon, Franck"]
[Black "Viossat, Cyrille"]
[Result "0-1"]
[WhiteElo "1280"]
[BlackElo "1960"]
[PlyCount "52"]

1. e4 c5 2. Nf3 Nc6 3. Bb5 d6 4. Bxc6+ bxc6 5. O-O e5 6. c3 Nf6 7. d4 Nxe4 8.
dxe5 d5 9. Nbd2 Nxd2 10. Bxd2 Bg4 11. h3 Bh5 12. g4 Bg6 13. Bg5 Be7 14. Bxe7
Qxe7 15. e6 fxe6 16. Ne5 Rc8 17. Qa4 O-O 18. Qd1 Qg5 19. Nxg6 Qxg6 20. f4 h5
21. Kh2 hxg4 22. Rg1 Rxf4 23. Qd2 Rcf8 24. Rg2 g3+ 25. Rxg3 Rf2+ 26. Qxf2 Rxf2+
0-1

[Event "Coupe 2000 - Finale"]
[Site "Aurec"]
[Date "2002.06.16"]
[Round "5"]
[White "Rauzieres, William"]
[Black "Roussiere, Christophe"]
[Result "0-1"]
[WhiteElo "2020"]
[BlackElo "2050"]
[PlyCount "98"]

1. e4 e5 2. Nf3 Nf6 3. Nxe5 d6 4. Nf3 Nxe4 5. d4 d5 6. Bd3 Nc6 7. O-O Be7 8. c4
Nb4 9. Bxe4 dxe4 10. Ne5 O-O 11. a3 Nc6 12. Nxc6 bxc6 13. Nc3 f5 14. Ne2 c5 15.
d5 a5 16. Qc2 Ra6 17. Bf4 g5 18. Be5 Bd6 19. Qc3 Bxe5 20. Qxe5 Re8 21. Qc3 a4
22. Rad1 Rh6 23. Qg3 Kh8 24. Qc3+ Kg8 25. Qg3 Rg6 26. Qe3 Qd6 27. f4 g4 28. Rd2
Ba6 29. Rc2 Rb8 30. Ng3 Rf6 31. Nh5 Rf7 32. Ng3 Rb3 33. Qe2 Qg6 34. Rd1 h5 35.
Nf1 h4 36. Ne3 Qh6 37. g3 hxg3 38. hxg3 Qh3 39. Nf1 Rh7 40. Qg2 Qh6 41. Rdd2
Qf6 42. Kf2 Rf3+ 43. Ke1 e3 44. Re2 Qd4 45. Nh2 Rxh2 46. Qxh2 Bxc4 47. Qh5 Rf1+
48. Kxf1 Qd1+ 49. Kg2 Bxd5+ 0-1

[Event "Coupe 2000 - Finale"]
[Site "Aurec"]
[Date "2002.06.16"]
[Round "5"]
[White "Gacogne, Charlie"]
[Black "Foulon, Thibaut"]
[Result "1/2-1/2"]
[WhiteElo "1950"]
[BlackElo "1900"]
[PlyCount "43"]

1. e4 d5 2. exd5 Qxd5 3. Nc3 Qa5 4. Bc4 Nf6 5. d3 Bf5 6. Bd2 Qe5+ 7. Qe2 Qxe2+
8. Ngxe2 e6 9. f3 c6 10. h4 h6 11. O-O-O Nbd7 12. Ne4 O-O-O 13. N2c3 Be7 14.
Bb3 Nc5 15. Bc4 Ncd7 16. Bf4 Nb6 17. Bb3 Nfd5 18. Bd2 Bg6 19. Rde1 Rhg8 20. h5
Bh7 21. g4 Nxc3 22. Bxc3 1/2-1/2

[Event "Coupe 2000 - Finale"]
[Site "Aurec"]
[Date "2002.06.16"]
[Round "5"]
[White "Gomard, Alexandre"]
[Black "Campo, Alain"]
[Result "1/2-1/2"]
[WhiteElo "1840"]
[BlackElo "1710"]
[PlyCount "117"]

1. d4 Nf6 2. c4 g6 3. Nc3 Bg7 4. e4 d6 5. f4 O-O 6. Be2 c5 7. Nf3 Nbd7 8. d5 a6
9. a4 Qc7 10. O-O b6 11. Rb1 Bb7 12. Qd3 Rad8 13. Rd1 Ne8 14. f5 Ne5 15. Nxe5
Bxe5 16. Bh6 Bg7 17. Bxg7 Kxg7 18. Qg3 Nf6 19. h4 Nd7 20. Bf3 Ne5 21. b3 Bc8
22. Ne2 Rh8 23. Nf4 Rdg8 24. Kf2 Kf8 25. fxg6 Nxg6 26. Nxg6+ Rxg6 27. Qh2 Bg4
28. h5 Rg5 29. Qf4 Rhg8 30. Rg1 a5 31. Bxg4 Rxg4 32. Qf5 R8g7 33. g3 R4g5 34.
Qf3 Qd7 35. Rbf1 Qh3 36. Ke2 Qxh5 37. Qxh5 Rxh5 38. Rf4 Rhg5 39. Kf2 Rg4 40.
Rxg4 Rxg4 41. Kf3 h5 42. Rh1 Rg5 43. Kf4 f6 44. Rh4 Kg7 45. g4 hxg4 46. Rxg4
Kg6 47. Rh4 Rg2 48. Rg4+ Rxg4+ 49. Kxg4 Kf7 50. Kf5 Kf8 51. Kf4 Kg7 52. Kg3 Kf7
53. Kf4 e6 54. Kg4 f5+ 55. exf5 e5 56. Kg5 Kg7 57. f6+ Kf7 58. Kf5 Kf8 59. Ke4
1/2-1/2

[Event "Coupe 2000 - Finale"]
[Site "Aurec"]
[Date "2002.06.16"]
[Round "5"]
[White "Thorel, Gregoire"]
[Black "Litolff, Paul"]
[Result "0-1"]
[WhiteElo "1720"]
[BlackElo "1920"]
[PlyCount "60"]

1. e4 c5 2. Nf3 Nc6 3. d4 cxd4 4. Nxd4 Nf6 5. Nc3 g6 6. Be2 Bg7 7. Be3 d6 8.
O-O O-O 9. Rb1 a6 10. h3 e6 11. Qd2 Qc7 12. Rfd1 Rd8 13. Bf4 Ne8 14. Nb3 b5 15.
a3 Bb7 16. Bh6 Bh8 17. Bf3 Ne5 18. Bg5 Rd7 19. Nd4 Rc8 20. Be2 Nc4 21. Bxc4
Qxc4 22. Be3 d5 23. exd5 Bxd5 24. Qe2 Bb7 25. Qxc4 Rxc4 26. Nde2 Rxd1+ 27. Rxd1
Bf6 28. Rd7 Rc7 29. Rd2 Kg7 30. f3 Bc6 0-1